00392nam a2200121Ia 4500008004100000041000800041082001400049100002000063245007300083260005300156300002000209520004100229240719s9999 xx 000 0 und d aeng a332.1 BHA aBhatt, R. Bimal aAccounting And Financial Policies Practices Standards And Reporting  aNew DelhibSnow White Publication Pvt. Ltdc2003 a512;. P. 24 Cm. aGifted By : IMT Faculty Dr.Pawan sir